000 01239 a2200229 4500
003 NUST
005 20230727101413.0
010 _a 2001275345
020 _a0072322462 (manual)
020 _a0072327219 (disk)
020 _a0072328762 (package)
035 _a(OCoLC)ocm41525223
040 _cNust
082 0 0 _a621.3822,MIT
100 1 _aMitra, Sanjit Kumar.
_983385
245 1 0 _aDigital signal processing laboratory using MATLAB /
_cSanjit K. Kumar.
260 _aBoston :
_bWCB/McGraw-Hill,
_cc1999.
300 _aix, 230 p. ;
_bill. ;
_c24 cm. +
_e1 computer disk.
505 _a Discrete-Time Signals in the Time-Domain (Page-1),Discrete-Time Systems in the Time-Domain (Page-17),Discrete-Time Signals in the Frequency-Domain (Page-33),LTI Discrete-Time Systems in the Frequency-Domain (Page-53),Digital Signal Processing of Continuous-Time Signals (Page-71),Digital Filter Structures (Page-89),Digital Filter Design. (Page-107),Digital Filter Implementation(Page-127),Analysis of Finite Word-Length Effects. (Page-145), Multirate Digital Signal Processing(Page-167),Advanced Projects. (Page-185).
650 0 _aSignal processing
_xDigital techniques
_xMathematics
_xComputer programs.
_9113856
942 _2ddc
_cBK
_k621.3822,MIT
999 _c188889
_d188889